[Event "12th KIIT International 2019"]
[Site "Odisha"]
[Date "2019.06.02"]
[Round "3.7"]
[White "Baivab Mishra"]
[Black "Vasquez Schroeder, Rodrigo"]
[Result "0-1"]
[WhiteElo "2209"]
[BlackElo "2476"]
[Annotator "ChessBase"]
[PlyCount "74"]
[EventDate "2019.01.18"]
[EventType "swiss"]
[EventCountry "IND"]
[SourceTitle "playchess.com"]
[Source "ChessBase"]
[SourceQuality "1"]
[TimeControl "5400+30"]

1. Nf3 {[%emt 0:02:37]} Nf6 {[%emt 0:00:00]} 2. c4 {[%emt 0:01:05]} e6 {[%emt 0:01:02]} 3. g3 {[%emt 0:00:23]} b6 {[%emt 0:00:19]} 4. Bg2 {[%emt 0:00:06]} Bb7 {[%emt 0:00:01]} 5. O-O {[%emt 0:00:10]} c5 {[%emt 0:00:23]} 6. Nc3 {[%emt 0:00:07]} a6 {[%emt 0:00:20]} 7. Re1 {[%emt 0:00:08]} d6 {[%emt 0:00:41]} 8. e4 {[%emt 0:02:41]} Be7 {[%emt 0:00:53]} 9. d4 {[%emt 0:00:14]} cxd4 {[%emt 0:00:07]} 10. Nxd4 {[%emt 0:00:06]} Qc7 {[%emt 0:00:02]} 11. Qd3 {[%emt 0:04:19]} O-O {[%emt 0:00:20]} 12. b3 {[%emt 0:00:05]} Nbd7 {[%emt 0:00:41]} 13. Bb2 {[%emt 0:00:07]} Nc5 {[%emt 0:05:25]} 14. Qe2 {[%emt 0:02:00]} Rfe8 {[%emt 0:00:17]} 15. Rac1 {[%emt 0:00:26]} Rac8 {[%emt 0:00:32]} 16. h3 {[%emt 0:06:27]} Bf8 {[%emt 0:00:32]} 17. g4 {[%emt 0:03:55]} g6 {[%emt 0:09:02]} 18. Qd2 {[%emt 0:05:01]} Qb8 {[%emt 0:02:03]} 19. Nde2 {[%emt 0:03:43]} e5 {[%emt 0:07:02]} 20. Qe3 {[%emt 0:08:16]} Ba8 {[%emt 0:04:20]} 21. Nd5 {[%emt 0:04:16]} Bxd5 {[%emt 0:01:05]} 22. cxd5 {[%emt 0:00:34]} b5 {[%emt 0:02:47]} 23. Ng3 {[%emt 0:01:27]} h6 {[%emt 0:01:44]} 24. Bf3 {[%emt 0:06:48]} Nh7 {[%emt 0:06:28]} 25. Kh2 {[%emt 0:00:34]} Be7 {[%emt 0:00:26]} 26. Qe2 {[%emt 0:02:30]} Bg5 {[%emt 0:00:47]} 27. Rc2 {[%emt 0:00:05]} Nd7 {[%emt 0:01:29]} 28. Nf1 {[%emt 0:07:47]} Rxc2 {[%emt 0:00:26]} 29. Qxc2 {[%emt 0:00:01]} Rc8 {[%emt 0:00:07]} 30. Qd3 {[%emt 0:02:47]} Qb6 {[%emt 0:06:06]} 31. Ne3 {[%emt 0:04:23]} Qa5 {[%emt 0:01:42]} 32. Qb1 {[%emt 0:05:09]} Bf4+ {[%emt 0:00:43]} 33. Kg2 {[%emt 0:01:37]} Ng5 {[%emt 0:02:51]} 34. Nf1 {[%emt 0:17:51]} Nf6 {[%emt 0:01:58]} 35. a3 {[%emt 0:03:01]} Qc7 {[%emt 0:02:44]} 36. Re2 {[%emt 0:00:42]} Qd7 {[%emt 0:01:43]} 37. Ne3 {[%emt 0:03:26]} h5 {[%emt 0:01:17]} 0-1

[Event "12th KIIT International 2019"]
[Site "Odisha"]
[Date "2019.06.02"]
[Round "3.8"]
[White "Nguyen, Van Huy"]
[Black "Patil, Pratik"]
[Result "1/2-1/2"]
[WhiteElo "2456"]
[BlackElo "2184"]
[Annotator "ChessBase"]
[PlyCount "52"]
[EventDate "2019.01.18"]
[EventType "swiss"]
[EventCountry "IND"]
[SourceTitle "playchess.com"]
[Source "ChessBase"]
[SourceQuality "1"]
[TimeControl "5400+30"]

1. d4 {[%emt 0:00:00]} Nf6 {[%emt 0:00:00]} 2. c4 {[%emt 0:00:01]} g6 {[%emt 0:00:11]} 3. Nc3 {[%emt 0:01:49]} d5 {[%emt 0:01:02]} 4. cxd5 {[%emt 0:00:23]} Nxd5 {[%emt 0:00:03]} 5. Bd2 {[%emt 0:00:21]} Nb6 {[%emt 0:01:17]} 6. e4 {[%emt 0:00:21]} Bg7 {[%emt 0:03:40]} 7. Be3 {[%emt 0:00:21]} O-O {[%emt 0:11:53]} 8. h3 {[%emt 0:01:28]} e5 {[%emt 0:10:04]} 9. Nf3 {[%emt 0:01:31]} exd4 {[%emt 0:01:04]} 10. Bxd4 {[%emt 0:00:17]} Nc6 {[%emt 0:03:19]} 11. Bxg7 {[%emt 0:01:19]} Qxd1+ {[%emt 0:02:15]} 12. Rxd1 {[%emt 0:00:48]} Kxg7 {[%emt 0:00:02]} 13. Bb5 {[%emt 0:04:58]} Nb4 {[%emt 0:00:47]} 14. O-O {[%emt 0:10:06]} a6 {[%emt 0:04:17]} 15. Be2 {[%emt 0:00:47]} Re8 {[%emt 0:14:00]} 16. Nd4 {[%emt 0:06:49]} Bd7 {[%emt 0:02:18]} 17. Rd2 {[%emt 0:19:52]} Nc6 {[%emt 0:13:43]} 18. Rfd1 {[%emt 0:02:17]} Nxd4 {[%emt 0:02:42]} 19. Rxd4 {[%emt 0:00:05]} Bc6 {[%emt 0:00:38]} 20. f4 {[%emt 0:01:55]} h5 {[%emt 0:03:31]} 21. Kf2 {[%emt 0:01:16]} Kf8 {[%emt 0:01:13]} 22. Bf3 {[%emt 0:04:41]} Ke7 {[%emt 0:07:35]} 23. e5 {[%emt 0:01:49]} Bxf3 {[%emt 0:00:19]} 24. Kxf3 {[%emt 0:00:03]} Rad8 {[%emt 0:03:03]} 25. Ne4 {[%emt 0:01:45]} Rxd4 {[%emt 0:02:03]} 26. Rxd4 {[%emt 0:00:04]} Nd7 {[%emt 0:02:50]} 1/2-1/2

[Event "12th KIIT International 2019"]
[Site "Odisha"]
[Date "2019.06.02"]
[Round "3.9"]
[White "Nayak Rajesh"]
[Black "Kostenko, Petr"]
[Result "1-0"]
[WhiteElo "2175"]
[BlackElo "2473"]
[Annotator "ChessBase"]
[PlyCount "74"]
[EventDate "2019.01.18"]
[EventType "swiss"]
[EventCountry "IND"]
[SourceTitle "playchess.com"]
[Source "ChessBase"]
[SourceQuality "1"]
[TimeControl "5400+30"]

1. e4 {[%emt 0:01:37]} e6 {[%emt 0:00:12]} 2. d4 {[%emt 0:00:50]} d5 {[%emt 0:00:04]} 3. Nc3 {[%emt 0:01:52]} Nf6 {[%emt 0:01:21]} 4. Bg5 {[%emt 0:00:15]} dxe4 {[%emt 0:01:22]} 5. Nxe4 {[%emt 0:00:10]} Be7 {[%emt 0:00:17]} 6. Bxf6 {[%emt 0:00:09]} gxf6 {[%emt 0:00:04]} 7. Nf3 {[%emt 0:00:11]} b6 {[%emt 0:00:26]} 8. Bc4 {[%emt 0:02:49]} Bb7 {[%emt 0:00:09]} 9. Qe2 {[%emt 0:00:06]} Nd7 {[%emt 0:06:40]} 10. O-O-O {[%emt 0:00:31]} c6 {[%emt 0:00:11]} 11. Rhe1 {[%emt 0:03:31]} Qc7 {[%emt 0:04:12]} 12. Kb1 {[%emt 0:01:58]} O-O-O {[%emt 0:02:04]} 13. Ba6 {[%emt 0:00:28]} b5 {[%emt 0:01:27]} 14. Bxb7+ {[%emt 0:00:30]} Kxb7 {[%emt 0:00:11]} 15. c3 {[%emt 0:13:30]} h5 {[%emt 0:02:46]} 16. g3 {[%emt 0:00:49]} Ka8 {[%emt 0:00:44]} 17. Ned2 {[%emt 0:16:19]} Nb6 {[%emt 0:00:40]} 18. Nh4 {[%emt 0:07:20]} b4 {[%emt 0:01:19]} 19. Nb3 {[%emt 0:05:28]} bxc3 {[%emt 0:00:12]} 20. bxc3 {[%emt 0:00:04]} Nd5 {[%emt 0:00:16]} 21. Qc4 {[%emt 0:03:10]} Qb6 {[%emt 0:06:03]} 22. Kc2 {[%emt 0:01:38]} Qb5 {[%emt 0:04:02]} 23. Nd2 {[%emt 0:04:54]} Rd7 {[%emt 0:05:59]} 24. f4 {[%emt 0:33:51]} Rc8 {[%emt 0:01:43]} 25. f5 {[%emt 0:00:00]} e5 {[%emt 0:00:50]} 26. a4 {[%emt 0:00:00]} Qa5 {[%emt 0:07:31]} 27. Nb3 {[%emt 0:00:00]} Qc7 {[%emt 0:00:07]} 28. Nf3 {[%emt 0:00:00]} exd4 {[%emt 0:03:56]} 29. Nfxd4 {[%emt 0:00:00]} h4 {[%emt 0:02:54]} 30. Rd3 {[%emt 0:00:00]} Bf8 {[%emt 0:01:44]} 31. Qxc6+ {[%emt 0:00:00]} Qxc6 {[%emt 0:02:04]} 32. Nxc6 {[%emt 0:00:00]} Rdc7 {[%emt 0:02:02]} 33. Rxd5 {[%emt 0:00:00]} Rxc6 {[%emt 0:00:04]} 34. Re3 {[%emt 0:00:00]} hxg3 {[%emt 0:01:15]} 35. hxg3 {[%emt 0:00:00]} Bb4 {[%emt 0:05:11]} 36. Rdd3 {[%emt 0:00:00]} Bd6 {[%emt 0:01:37]} 37. Nd4 {[%emt 0:00:00]} Rb6 {[%emt 0:00:48]} 1-0

[Event "12th KIIT International 2019"]
[Site "Odisha"]
[Date "2019.06.02"]
[Round "3.10"]
[White "Laxman, R.R."]
[Black "Hari Madhavan N B"]
[Result "1-0"]
[WhiteElo "2437"]
[BlackElo "2093"]
[Annotator "ChessBase"]
[PlyCount "87"]
[EventDate "2019.01.18"]
[EventType "swiss"]
[EventCountry "IND"]
[SourceTitle "playchess.com"]
[Source "ChessBase"]
[SourceQuality "1"]
[TimeControl "5400+30"]

1. d4 {[%emt 0:00:00]} d5 {[%emt 0:00:00]} 2. Nf3 {[%emt 0:00:00]} Nf6 {[%emt 0:00:00]} 3. c4 {[%emt 0:00:00]} c6 {[%emt 0:00:00]} 4. Qc2 {[%emt 0:00:20]} dxc4 {[%emt 0:00:18]} 5. Qxc4 {[%emt 0:00:02]} b5 {[%emt 0:00:08]} 6. Qc2 {[%emt 0:06:19]} Bb7 {[%emt 0:00:16]} 7. e4 {[%emt 0:01:26]} e6 {[%emt 0:04:26]} 8. Bd3 {[%emt 0:00:44]} h6 {[%emt 0:03:00]} 9. O-O {[%emt 0:00:18]} Nbd7 {[%emt 0:00:08]} 10. Nbd2 {[%emt 0:01:37]} Be7 {[%emt 0:02:18]} 11. Nb3 {[%emt 0:01:41]} O-O {[%emt 0:03:35]} 12. Qe2 {[%emt 0:02:41]} c5 {[%emt 0:08:07]} 13. dxc5 {[%emt 0:04:18]} Nxc5 {[%emt 0:00:13]} 14. Nxc5 {[%emt 0:00:04]} Bxc5 {[%emt 0:00:04]} 15. e5 {[%emt 0:00:40]} Ng4 {[%emt 0:03:20]} 16. Bf4 {[%emt 0:08:00]} Bxf3 {[%emt 0:11:46]} 17. gxf3 {[%emt 0:06:39]} Nxf2 {[%emt 0:00:42]} 18. Rxf2 {[%emt 0:00:05]} Bxf2+ {[%emt 0:00:04]} 19. Kxf2 {[%emt 0:00:05]} Qd4+ {[%emt 0:00:34]} 20. Kg3 {[%emt 0:01:03]} g5 {[%emt 0:04:26]} 21. Be3 {[%emt 0:01:18]} Qxe5+ {[%emt 0:00:14]} 22. f4 {[%emt 0:00:06]} gxf4+ {[%emt 0:11:16]} 23. Bxf4 {[%emt 0:00:08]} Qxe2 {[%emt 0:00:04]} 24. Bxe2 {[%emt 0:00:02]} e5 {[%emt 0:03:21]} 25. Bxh6 {[%emt 0:00:34]} Rfd8 {[%emt 0:03:09]} 26. Kg4 {[%emt 0:00:14]} Rd6 {[%emt 0:10:18]} 27. Be3 {[%emt 0:00:43]} Rf6 {[%emt 0:14:48]} 28. h4 {[%emt 0:05:58]} Rc8 {[%emt 0:02:11]} 29. Rc1 {[%emt 0:10:07]} Rxc1 {[%emt 0:01:19]} 30. Bxc1 {[%emt 0:00:02]} Rc6 {[%emt 0:04:40]} 31. Be3 {[%emt 0:00:46]} Rc2 {[%emt 0:00:35]} 32. Bxb5 {[%emt 0:00:05]} Rxb2 {[%emt 0:00:04]} 33. a4 {[%emt 0:00:05]} a6 {[%emt 0:00:03]} 34. Bd7 {[%emt 0:00:33]} Rb7 {[%emt 0:01:54]} 35. Bc6 {[%emt 0:00:19]} Rb4+ {[%emt 0:00:09]} 36. Kg5 {[%emt 0:01:57]} Rb3 {[%emt 0:02:59]} 37. Ba7 {[%emt 0:02:27]} Rc3 {[%emt 0:01:06]} 38. Bd5 {[%emt 0:00:20]} Ra3 {[%emt 0:04:25]} 39. Kf6 {[%emt 0:00:05]} Rxa4 {[%emt 0:00:11]} 40. Bxf7+ {[%emt 0:00:01]} Kh8 {[%emt 0:00:05]} 41. h5 {[%emt 0:01:27]} Rf4+ {[%emt 0:00:10]} 42. Kg6 {[%emt 0:00:10]} Rg4+ {[%emt 0:00:20]} 43. Kf6 {[%emt 0:00:38]} Rf4+ {[%emt 0:00:06]} 44. Ke7 {[%emt 0:01:18]} 1-0

[Event "12th KIIT International 2019"]
[Site "Odisha"]
[Date "2019.06.02"]
[Round "3.11"]
[White "Khusenkhojaev, Muhammad"]
[Black "Joshi, Govind Ballabh"]
[Result "1-0"]
[WhiteElo "2446"]
[BlackElo "2121"]
[Annotator "ChessBase"]
[PlyCount "75"]
[EventDate "2019.01.18"]
[EventType "swiss"]
[EventCountry "IND"]
[SourceTitle "playchess.com"]
[Source "ChessBase"]
[SourceQuality "1"]
[TimeControl "5400+30"]

1. Nf3 {[%emt 0:00:00]} d5 {[%emt 0:00:00]} 2. d4 {[%emt 0:00:00]} e6 {[%emt 0:01:34]} 3. c4 {[%emt 0:00:00]} Nf6 {[%emt 0:00:38]} 4. g3 {[%emt 0:00:10]} dxc4 {[%emt 0:01:39]} 5. Bg2 {[%emt 0:00:06]} a6 {[%emt 0:02:40]} 6. O-O {[%emt 0:00:21]} Nc6 {[%emt 0:01:22]} 7. e3 {[%emt 0:00:14]} Bd7 {[%emt 0:01:46]} 8. Qe2 {[%emt 0:00:14]} Bd6 {[%emt 0:03:00]} 9. Qxc4 {[%emt 0:00:36]} Rb8 {[%emt 0:01:01]} 10. Rd1 {[%emt 0:00:15]} Qe7 {[%emt 0:07:05]} 11. Nbd2 {[%emt 0:04:08]} e5 {[%emt 0:07:22]} 12. dxe5 {[%emt 0:01:36]} Nxe5 {[%emt 0:00:07]} 13. Nxe5 {[%emt 0:00:18]} Qxe5 {[%emt 0:00:47]} 14. Qc2 {[%emt 0:04:32]} Bg4 {[%emt 0:09:15]} 15. Re1 {[%emt 0:01:52]} Qc5 {[%emt 0:06:44]} 16. Nc4 {[%emt 0:03:23]} Be7 {[%emt 0:08:32]} 17. b3 {[%emt 0:04:35]} Qh5 {[%emt 0:01:19]} 18. Bb2 {[%emt 0:01:03]} O-O {[%emt 0:07:48]} 19. Ne5 {[%emt 0:03:00]} c6 {[%emt 0:00:22]} 20. Nxg4 {[%emt 0:02:08]} Nxg4 {[%emt 0:00:03]} 21. h3 {[%emt 0:00:12]} Nf6 {[%emt 0:00:30]} 22. e4 {[%emt 0:01:18]} Rbd8 {[%emt 0:06:19]} 23. Red1 {[%emt 0:01:37]} Qa5 {[%emt 0:03:24]} 24. e5 {[%emt 0:05:31]} Nd5 {[%emt 0:08:59]} 25. a3 {[%emt 0:01:16]} Nc7 {[%emt 0:03:30]} 26. b4 {[%emt 0:11:39]} Qb6 {[%emt 0:00:36]} 27. Be4 {[%emt 0:01:59]} h6 {[%emt 0:04:21]} 28. Qc3 {[%emt 0:06:04]} Ne6 {[%emt 0:01:23]} 29. h4 {[%emt 0:02:57]} c5 {[%emt 0:00:43]} 30. Qe3 {[%emt 0:00:22]} a5 {[%emt 0:01:40]} 31. Bc3 {[%emt 0:00:58]} axb4 {[%emt 0:01:04]} 32. axb4 {[%emt 0:00:07]} Qc7 {[%emt 0:00:02]} 33. b5 {[%emt 0:01:32]} Rxd1+ {[%emt 0:02:38]} 34. Rxd1 {[%emt 0:00:08]} b6 {[%emt 0:00:01]} 35. Bd3 {[%emt 0:02:11]} Rd8 {[%emt 0:00:26]} 36. Qe4 {[%emt 0:00:22]} g6 {[%emt 0:00:01]} 37. Ra1 {[%emt 0:03:12]} Qd7 {[%emt 0:01:51]} 38. Bc4 {[%emt 0:00:12]} 1-0

[Event "12th KIIT International 2019"]
[Site "Odisha"]
[Date "2019.06.02"]
[Round "3.12"]
[White "Matta, Vinay Kumar"]
[Black "Shyaamnikhil P"]
[Result "0-1"]
[WhiteElo "2181"]
[BlackElo "2434"]
[Annotator "ChessBase"]
[PlyCount "52"]
[EventDate "2019.01.18"]
[EventType "swiss"]
[EventCountry "IND"]
[SourceTitle "playchess.com"]
[Source "ChessBase"]
[SourceQuality "1"]
[TimeControl "5400+30"]

1. e4 {[%emt 0:05:58]} c5 {[%emt 0:00:00]} 2. Nf3 {[%emt 0:00:05]} d6 {[%emt 0:00:00]} 3. d4 {[%emt 0:00:03]} Nf6 {[%emt 0:00:00]} 4. Nc3 {[%emt 0:00:07]} cxd4 {[%emt 0:00:00]} 5. Nxd4 {[%emt 0:00:03]} a6 {[%emt 0:00:02]} 6. Bg5 {[%emt 0:00:10]} Nbd7 {[%emt 0:04:50]} 7. f4 {[%emt 0:00:21]} Qc7 {[%emt 0:08:34]} 8. Qe2 {[%emt 0:02:59]} e6 {[%emt 0:05:20]} 9. O-O-O {[%emt 0:00:12]} Be7 {[%emt 0:00:19]} 10. Kb1 {[%emt 0:03:55]} b5 {[%emt 0:03:45]} 11. a3 {[%emt 0:00:39]} Rb8 {[%emt 0:02:06]} 12. Nb3 {[%emt 0:09:23]} Nb6 {[%emt 0:08:39]} 13. e5 {[%emt 0:06:30]} dxe5 {[%emt 0:01:52]} 14. fxe5 {[%emt 0:01:39]} Nfd5 {[%emt 0:00:08]} 15. Nxd5 {[%emt 0:00:30]} Nxd5 {[%emt 0:00:06]} 16. Bxe7 {[%emt 0:01:05]} Nxe7 {[%emt 0:04:48]} 17. h4 {[%emt 0:09:01]} O-O {[%emt 0:08:45]} 18. h5 {[%emt 0:02:58]} h6 {[%emt 0:03:12]} 19. Rh3 {[%emt 0:01:13]} Nd5 {[%emt 0:07:42]} 20. Rd4 {[%emt 0:02:29]} f6 {[%emt 0:00:12]} 21. exf6 {[%emt 0:17:32]} Rxf6 {[%emt 0:01:37]} 22. Rf3 {[%emt 0:03:57]} Bd7 {[%emt 0:02:41]} 23. Rxf6 {[%emt 0:05:19]} Nxf6 {[%emt 0:00:46]} 24. Qd1 {[%emt 0:05:33]} e5 {[%emt 0:03:55]} 25. Rd6 {[%emt 0:02:35]} Bg4 {[%emt 0:08:20]} 26. Qd2 {[%emt 0:00:30]} Bxh5 {[%emt 0:00:14]} 0-1

[Event "12th KIIT International 2019"]
[Site "Odisha"]
[Date "2019.06.02"]
[Round "3.13"]
[White "Swain Ashirwad"]
[Black "Das, Sayantan"]
[Result "0-1"]
[WhiteElo "2118"]
[BlackElo "2419"]
[Annotator "ChessBase"]
[PlyCount "54"]
[EventDate "2019.01.18"]
[EventType "swiss"]
[EventCountry "IND"]
[SourceTitle "playchess.com"]
[Source "ChessBase"]
[SourceQuality "1"]
[TimeControl "5400+30"]

1. d4 {[%emt 0:00:05]} Nf6 {[%emt 0:00:27]} 2. c4 {[%emt 0:00:07]} g6 {[%emt 0:00:18]} 3. Nc3 {[%emt 0:00:18]} Bg7 {[%emt 0:00:07]} 4. e4 {[%emt 0:02:48]} d6 {[%emt 0:00:07]} 5. Nf3 {[%emt 0:01:22]} O-O {[%emt 0:00:23]} 6. Be2 {[%emt 0:00:18]} e5 {[%emt 0:01:13]} 7. O-O {[%emt 0:01:57]} Nbd7 {[%emt 0:00:39]} 8. Bg5 {[%emt 0:04:57]} h6 {[%emt 0:04:00]} 9. Bh4 {[%emt 0:01:45]} c6 {[%emt 0:01:43]} 10. Qd2 {[%emt 0:06:28]} Re8 {[%emt 0:10:20]} 11. d5 {[%emt 0:05:07]} Nc5 {[%emt 0:06:50]} 12. Qc2 {[%emt 0:01:40]} a5 {[%emt 0:02:04]} 13. Rfd1 {[%emt 0:03:49]} Bd7 {[%emt 0:06:37]} 14. Nd2 {[%emt 0:18:49]} Rc8 {[%emt 0:08:55]} 15. Nb3 {[%emt 0:04:21]} Na6 {[%emt 0:04:42]} 16. c5 {[%emt 0:09:18]} a4 {[%emt 0:06:51]} 17. Nxa4 {[%emt 0:13:06]} cxd5 {[%emt 0:00:25]} 18. Bxf6 {[%emt 0:00:46]} Bxf6 {[%emt 0:02:05]} 19. Bxa6 {[%emt 0:00:06]} bxa6 {[%emt 0:02:24]} 20. Nc3 {[%emt 0:02:45]} d4 {[%emt 0:00:47]} 21. Nd5 {[%emt 0:00:05]} Be7 {[%emt 0:07:20]} 22. Nxe7+ {[%emt 0:03:57]} Qxe7 {[%emt 0:01:52]} 23. Rac1 {[%emt 0:02:12]} Ba4 {[%emt 0:05:54]} 24. Qc4 {[%emt 0:02:43]} Bxb3 {[%emt 0:01:06]} 25. axb3 {[%emt 0:00:14]} Rxc5 {[%emt 0:04:03]} 26. Qxa6 {[%emt 0:00:05]} Qc7 {[%emt 0:00:20]} 27. Rxc5 {[%emt 0:01:08]} Qxc5 {[%emt 0:00:09]} 0-1

[Event "12th KIIT International 2019"]
[Site "Odisha"]
[Date "2019.06.02"]
[Round "3.14"]
[White "Koustav Chatterjee"]
[Black "Rathneesh R"]
[Result "1-0"]
[WhiteElo "2404"]
[BlackElo "2160"]
[Annotator "ChessBase"]
[PlyCount "57"]
[EventDate "2019.01.18"]
[EventType "swiss"]
[EventCountry "IND"]
[SourceTitle "playchess.com"]
[Source "ChessBase"]
[SourceQuality "1"]
[TimeControl "5400+30"]

1. Nf3 {[%emt 0:00:00]} Nf6 {[%emt 0:00:21]} 2. g3 {[%emt 0:00:00]} d5 {[%emt 0:00:53]} 3. d4 {[%emt 0:00:04]} e6 {[%emt 0:01:18]} 4. c4 {[%emt 0:00:08]} Be7 {[%emt 0:00:56]} 5. Bg2 {[%emt 0:00:11]} O-O {[%emt 0:01:18]} 6. O-O {[%emt 0:00:07]} dxc4 {[%emt 0:00:07]} 7. Qc2 {[%emt 0:03:06]} a6 {[%emt 0:01:04]} 8. a4 {[%emt 0:00:05]} Bd7 {[%emt 0:01:35]} 9. Rd1 {[%emt 0:00:19]} Bc6 {[%emt 0:04:40]} 10. Nc3 {[%emt 0:00:06]} Bb4 {[%emt 0:07:50]} 11. Ne5 {[%emt 0:12:43]} Bxg2 {[%emt 0:07:32]} 12. Kxg2 {[%emt 0:00:09]} Nc6 {[%emt 0:07:55]} 13. Nxc6 {[%emt 0:04:03]} bxc6 {[%emt 0:00:23]} 14. Na2 {[%emt 0:01:22]} Rb8 {[%emt 0:11:39]} 15. f3 {[%emt 0:02:15]} Qd7 {[%emt 0:13:30]} 16. Qxc4 {[%emt 0:10:45]} c5 {[%emt 0:01:50]} 17. Bg5 {[%emt 0:15:46]} Qd5 {[%emt 0:07:29]} 18. Qxd5 {[%emt 0:04:36]} Nxd5 {[%emt 0:00:18]} 19. e4 {[%emt 0:00:03]} h6 {[%emt 0:02:50]} 20. Bc1 {[%emt 0:01:31]} Nf6 {[%emt 0:14:56]} 21. Nxb4 {[%emt 0:01:12]} Rxb4 {[%emt 0:00:27]} 22. dxc5 {[%emt 0:00:07]} Rfb8 {[%emt 0:00:31]} 23. Ra2 {[%emt 0:02:46]} Kf8 {[%emt 0:03:52]} 24. Kf2 {[%emt 0:07:01]} Rc4 {[%emt 0:03:24]} 25. Be3 {[%emt 0:00:30]} Rbb4 {[%emt 0:00:54]} 26. Ke2 {[%emt 0:02:40]} Rxa4 {[%emt 0:00:52]} 27. Rxa4 {[%emt 0:00:02]} Rxa4 {[%emt 0:00:07]} 28. Kd3 {[%emt 0:00:02]} Nd7 {[%emt 0:01:47]} 29. Kc3 {[%emt 0:01:08]} 1-0

[Event "12th KIIT International 2019"]
[Site "Odisha"]
[Date "2019.06.02"]
[Round "3.15"]
[White "Manish Anto Cristiano F"]
[Black "Gusain, Himal"]
[Result "1/2-1/2"]
[WhiteElo "2099"]
[BlackElo "2404"]
[Annotator "TA"]
[PlyCount "68"]
[EventDate "2019.01.18"]
[EventType "swiss"]
[EventCountry "IND"]
[SourceTitle "playchess.com"]
[Source "ChessBase"]
[SourceQuality "1"]

{[%evp 9,68,8,11,0,30,29,28,11,51,47,55,34,76,49,70,87,101,0,0,-16,23,16,17,12,14,8,16,13,21,20,20,0,2,0,27,22,42,33,319,326,329,318,320,327,297,289,297,76,70,72,70,70,64,58,70,51,72,0,38,0,22]} 1. e4 e5 2. Nf3 Nc6 3. Bb5 a6 4. Ba4 d6 5. Bxc6+ bxc6 6. O-O {C73: Ruy Lopez: Deferred Steinitz: 5 Bxc6+} (6. d4 exd4 7. Nxd4 c5 8. Nc6 Qd7 9. Na5 Nf6 10. O-O Be7 11. Re1 O-O 12. c4 c6 13. Bd2 d5 14. e5 Ne4 15. Nc3 Nxd2 16. Qxd2 {1-0 (64) Yu,Y (2751)-Mamedyarov,S (2799) Huaian 2017}) 6... Bg4 7. h3 Bh5 8. d4 {White has an edge.} Bxf3 9. Qxf3 exd4 10. Re1 Qd7 11. e5 $146 {And now exd6+ would win.} ({Predecessor:} 11. c3 dxc3 12. Nxc3 f6 13. Ne2 Ne7 14. Nf4 g6 {0-1 (53) Wang,J (2227)-Narayanan,S (2383) Kuala Lumpur 2010}) 11... dxe5 12. Rxe5+ Ne7 13. b3 (13. Nd2 $16) 13... f6 $11 14. Re1 Kf7 15. Nd2 {[%cal Bb1d2,Bd2e4,Be4c5][%mdl 32]} Ng6 16. Bb2 Bb4 17. c3 dxc3 18. Bxc3 Bxc3 19. Qxc3 Rhe8 20. Ne4 {Black should prevent Rad1.} Re5 21. Rad1 Rd5 (21... Qe6 $5 {[%cal Re5e4]} 22. Nc5 Rxe1+ 23. Rxe1 Qd5 $11) 22. Nc5 Qf5 23. Qc4 $36 {[%mdl 2048] Strongly threatening g4. White fights for an advantage.} a5 $2 {[%mdl 8192]} (23... Re8 $14) 24. g4 $18 Qf3 25. Rd3 Nh4 {[%csl Gh4][%cal Rf3g2]} 26. Rxf3 Nxf3+ 27. Kh1 $1 Nxe1 {[#]} 28. Na6 $2 (28. Ne6 $1 $18 {[%mdl 512] and the rest is easy.}) 28... Rc8 $16 29. Qxc6 Rd1 30. Nxc7 Rcd8 $1 31. Qc4+ Ke7 $1 {...R8d3 is the strong threat.} 32. Qe2+ Kf7 33. Qc4+ Ke7 $1 {With the idea ...R8d3.} 34. Qe2+ Kf7 {Accuracy: White = 58%, Black = 60%.} 1/2-1/2

[Event "12th KIIT International 2019"]
[Site "Odisha"]
[Date "2019.06.02"]
[Round "3.16"]
[White "Manush Shah"]
[Black "Kiran, Manisha Mohanty"]
[Result "1/2-1/2"]
[WhiteElo "2385"]
[BlackElo "2090"]
[Annotator "ChessBase"]
[PlyCount "68"]
[EventDate "2019.01.18"]
[EventType "swiss"]
[EventCountry "IND"]
[SourceTitle "playchess.com"]
[Source "ChessBase"]
[SourceQuality "1"]
[TimeControl "5400+30"]

1. d4 {[%emt 0:00:14]} Nf6 {[%emt 0:00:11]} 2. Nf3 {[%emt 0:00:03]} g6 {[%emt 0:00:06]} 3. Bg5 {[%emt 0:00:13]} Bg7 {[%emt 0:00:31]} 4. Nbd2 {[%emt 0:00:03]} d5 {[%emt 0:00:22]} 5. e3 {[%emt 0:00:13]} O-O {[%emt 0:00:33]} 6. Be2 {[%emt 0:05:17]} c5 {[%emt 0:00:14]} 7. c3 {[%emt 0:00:19]} Qb6 {[%emt 0:01:04]} 8. Qb3 {[%emt 0:00:23]} Nc6 {[%emt 0:03:59]} 9. O-O {[%emt 0:02:01]} Be6 {[%emt 0:12:34]} 10. Qa3 {[%emt 0:03:17]} Nd7 {[%emt 0:03:25]} 11. Rac1 {[%emt 0:15:38]} Rfe8 {[%emt 0:04:59]} 12. dxc5 {[%emt 0:05:26]} Qxc5 {[%emt 0:04:38]} 13. b4 {[%emt 0:01:49]} Qd6 {[%emt 0:06:35]} 14. Bf4 {[%emt 0:02:33]} Nde5 {[%emt 0:00:37]} 15. Rfd1 {[%emt 0:15:53]} a5 {[%emt 0:15:42]} 16. Nc4 {[%emt 0:01:21]} Nxc4 {[%emt 0:00:06]} 17. Bxc4 {[%emt 0:00:10]} axb4 {[%emt 0:00:22]} 18. Qxa8 {[%emt 0:00:46]} Rxa8 {[%emt 0:00:04]} 19. Bxd6 {[%emt 0:00:05]} dxc4 {[%emt 0:00:05]} 20. Bxb4 {[%emt 0:00:21]} Nxb4 {[%emt 0:00:15]} 21. cxb4 {[%emt 0:00:05]} Bb2 {[%emt 0:00:08]} 22. Rc2 {[%emt 0:02:50]} c3 {[%emt 0:00:10]} 23. Nd4 {[%emt 0:02:55]} Bxa2 {[%emt 0:00:20]} 24. f4 {[%emt 0:00:35]} f6 {[%emt 0:02:34]} 25. Rd3 {[%emt 0:02:16]} Bc4 {[%emt 0:06:03]} 26. Rdxc3 {[%emt 0:02:43]} Bxc3 {[%emt 0:00:38]} 27. Rxc3 {[%emt 0:00:01]} Ra1+ {[%emt 0:00:12]} 28. Kf2 {[%emt 0:00:05]} b5 {[%emt 0:02:38]} 29. Rc2 {[%emt 0:09:00]} Rb1 {[%emt 0:00:29]} 30. Nc6 {[%emt 0:00:07]} Kf7 {[%emt 0:00:10]} 31. Rd2 {[%emt 0:00:19]} h5 {[%emt 0:04:13]} 32. e4 {[%emt 0:01:41]} Rb3 {[%emt 0:00:34]} 33. e5 {[%emt 0:05:01]} fxe5 {[%emt 0:31:59]} 34. fxe5 {[%emt 0:00:48]} g5 {[%emt 0:00:00]} 1/2-1/2